Armenii︠a︡ segodni︠a︡.

Bibliographic Details
Corporate Author: Armi͡anskoe obshchestvo druzhby i kulʹturnoĭ svi͡azi s zarubezhnymi stranami
Format: Journal
Language:Russian
Published: Erevan : Armi︠a︡nskoe obshchestvo druzhby i kulʹturnoĭ svi︠a︡zi s zarubezhnymi stranami.
Subjects:
Online Availability: Check for online availability

MARC

Tag First Indicator Second Indicator Subfields
LEADER 00000cas a2200000 a 4500
001 in00001812607
005 20151026050603.0
008 861119c196u9999ai bx p 0 0ruso
010 |a sf 86092334  
012 |i 8611 
022 |a 0206-1929 
035 |a (OCoLC)ocm14769986 
040 |a DLC  |c DLC  |d HLS  |d OCLCQ  |d TXA  |d UtOrBLW 
042 |a msc 
043 |a a-ai--- 
049 |a TXAM 
090 |a AP95.A7  |b .A76 
245 0 0 |a Armenii︠a︡ segodni︠a︡. 
264 1 |a Erevan :  |b Armi︠a︡nskoe obshchestvo druzhby i kulʹturnoĭ svi︠a︡zi s zarubezhnymi stranami. 
300 |a volumes :  |b illustrations ;  |c 26 cm. 
310 |a Six no. a year 
336 |a text  |b txt  |2 rdacontent 
337 |a unmediated  |b n  |2 rdamedia 
338 |a volume  |b nc  |2 rdacarrier 
500 |a Description based on: 1973, [no.] 1; title from cover. 
651 0 |a Armenia (Republic)  |v Periodicals. 
710 2 |a Armi͡anskoe obshchestvo druzhby i kulʹturnoĭ svi͡azi s zarubezhnymi stranami. 
850 |a DLC 
994 |a E0  |b TXA 
999 |a MARS 
999 f f |s d46ba39d-de36-3f09-b951-abcb64273dfc  |i 03aa20e7-4be6-380c-a889-af4cd275523c  |t 0 
952 f f |p ric  |a Texas A&M University  |b Rellis Campus  |c Joint Library Facility  |d Remote Storage  |t 0  |e AP95.A7 .A76  |h Library of Congress classification  |i unmediated -- volume  |k no.5/6=103/104  |l 1987  |m A14830817840 
998 f f |a AP95.A7 .A76  |s n.5/6=103/104 (1987)  |t 0  |l Remote Storage